• 首页
  • 本馆介绍
  • 公告通知
  • 最新文献
  • 馆藏检索
  • 电子资源
  • 读者导购
  • 参考咨询
  • 我的图书馆
  • 登录
  • 详细信息显示
  • 放入我的书架
  • 预约/预借图书
  • 作者相关作品
  • 分类相关作品
  • 丛书相关作品
  • 出版社相关作品

书目信息

  • 表格格式
  • 工作单格式
  • 卡片格式
题名:
我们和你们
    
 
作者: 曾序勇 主编 ;王达 , 马丽 , 杜淑英 翻译
分册:   中国和尼泊尔的故事
出版信息: 北京   五洲传播出版社  2016
页数: 329页
开本: 23cm
丛书名:
单 册:
中图分类: D822.2 , D822.235.5
科图分类:
主题词: 中外关系--友好往来--外文 , 中外关系--友好往来--尼泊尔--英文
电子资源:
ISBN: 978-7-5085-3241-7
000 00900nam0 2200277 450
001 3517
005 20180527163524.56
010    @a978-7-5085-3241-7@dCNY99.00
100    @a20161019d2016 em y0chiy50 ea
101 1  @aeng@gchi
102    @aCN@b110000
105    @aa z 000yy
200 1  @a我们和你们@9wo men he ni men@i中国和尼泊尔的故事@dYou and US stories of China and nepal@f曾序勇主编@g王达,马丽,杜淑英翻译@zeng
210    @a北京@c五洲传播出版社@d2016
215    @a329页@c照片@d23cm
314    @a200字段中文信息取自版权页和CIP数据
606 0  @a中外关系@x友好往来@j外文
606 0  @a中外关系@x友好往来@x尼泊尔@j英文
690    @aD822.2@v5
690    @aD822.235.5@v5
701  0 @a曾序勇@9zeng xu yong@4主编
702  0 @a王达@9wang da@4翻译
702  0 @a马丽@9ma li@4翻译
702  0 @a杜淑英@9du shu ying@4翻译
801  0 @aCN@b91MARC@c20161019
905    @aMuseLib@dD822.2@e188
    
    我们和你们.中国和尼泊尔的故事=You and US stories of China and nepal/曾序勇主编/王达,马丽,杜淑英翻译.-北京:五洲传播出版社,2016
    329页:照片;23cm
    
    
    ISBN 978-7-5085-3241-7:CNY99.00
    
●
相关链接 在E读中查询图书 在五车中查询图书 在当当中查询图书 在豆瓣中查询图书


正题名:我们和你们     索取号:D822.2/188         预约/预借

序号 登录号 条形码 馆藏地/架位号 状态 备注
1 1109516   211095161   第一样本阅览室/ [索取号:D822.2/188] 在馆    
2 1109517   211095170   教育系资料室/ [索取号:D822.2/188] 在馆    
3 1109518   211095189   教育系资料室/ [索取号:D822.2/188] 在馆    
4 1109519   211095198   第一借阅区/ [索取号:D822.2/188] 在馆    
唐山师范学院图书馆 欢迎您!
大连网信软件有限公司© 版权所有